000
00337cam a2200145ua 4500
041
_a
eng
_h
082
_a
821
_b
ELI/WA
100
_a
Eliot, T S .
245
_a
Waste land /
_c
T S Eliot.
_h
Textual Documents
260
_a
London :
_b
Faber and Faber Ltd ,
_c
1992.
300
_a
79 ; .
504
_a
942
_c
BK
999
_c
5110
_d
5110